Les Meilleurs buteurs de la Serie A 2011-2012 - Statistiques

Statistiques générales
  • Ce quiz a été pris 24 fois
  • Le résultat moyen est 4 sur 11
Statistiques - réponses
Buts Nationalité Club Joueur % Correct
28 Suède Milan AC Zlatan Ibrahimović
100%
23 Uruguay Naples Edinson Cavani
86%
24 Argentine Inter Milan Diego Milito
73%
23 Italie Udinese Antonio Di Natale
59%
12 Allemagne Lazio Miroslav Klose
45%
14 Monténégro Fiorentina Stevan Jovetić
36%
19 Argentine Genoa Rodrigo Palacio
18%
16 Argentine Atalanta Germán Denis
9%
16 Italie Palermo Fabrizio Miccoli
5%
12 Italie Sienne Mattia Destro
5%
15 Italie Parme Sebastian Giovinco
0%
Aucun quiz correspondant
Distribution des résultats
% des personnes avec chaque résultat
Percentile par nombre de réponses
Votre historique - résultats
Vous n’avez pas pris ce quiz